5HLuxD.jpg

KING HENRY VIII SENIOR AND PRIMARY SCHOOL LIBRARY OPAC

The Qur'an / (Record no. 3058)

000 -LEADER
fixed length control field 01609nam a22001817a 4500
003 - CONTROL NUMBER IDENTIFIER
control field OSt
005 - DATE AND TIME OF LATEST TRANSACTION
control field 20230927162505.0
008 - FIXED-LENGTH DATA ELEMENTS--GENERAL INFORMATION
fixed length control field 230927b ||||| |||| 00| 0 eng d
020 ## - INTERNATIONAL STANDARD BOOK NUMBER
International Standard Book Number 9780140455441
040 ## - CATALOGING SOURCE
Transcribing agency KH8
082 ## - DEWEY DECIMAL CLASSIFICATION NUMBER
Classification number 297.122 KHA
100 ## - MAIN ENTRY--PERSONAL NAME
Personal name Tarif Khalidi,
Relator term author.
245 ## - TITLE STATEMENT
Title The Qur'an /
Statement of responsibility, etc. Tarif Khalidi.
260 ## - PUBLICATION, DISTRIBUTION, ETC.
Place of publication, distribution, etc. London :
Name of publisher, distributor, etc. Penguin Classics ;
Date of publication, distribution, etc. 2012.
300 ## - PHYSICAL DESCRIPTION
Extent 560 pages :
Dimensions 5.08 x 0.94 x 7.8 inches.
520 ## - SUMMARY, ETC.
Summary, etc. Considered in Islam to be the infallible word of God, The Qur'an was revealed to the prophet Muhammad by the archangel Gabriel in a series of divine revelations over many years after his first vision in the cave. In 114 chapters, or surahs, it provides the rules of conduct that remain fundamental to Muslims today - most importantly the key Islamic values of prayer, fasting, pilgrimage and absolute faith in God, with profound spiritual guidance on matters of kinship, marriage and family, crime and punishment, rituals, food, warfare and charity.<br/><br/>Through its pages, a fascinating picture emerges of life in seventh-century Arabia, and from it we can learn much about how people felt about their relationship with God and their belief in the afterlife, as well as attitudes to loyalty, friendship, race, forgiveness and the natural world. It also tells of events and people familiar to Christian and Jewish readers, fellow 'People of the Book' whose stories are recorded in the Gospels and Torah. Here we find Adam, Moses, Abraham, Jesus and John the Baptist, among others, who are regarded, like Muhammad, to be prophets of the Muslim faith.
942 ## - ADDED ENTRY ELEMENTS (KOHA)
Source of classification or shelving scheme
Koha item type Teaching Resources
Holdings
Withdrawn status Lost status Source of classification or shelving scheme Damaged status Not for loan Collection code Permanent Location Current Location Shelving location Date acquired Full call number Barcode Date last seen Price effective from Koha item type
          Teaching Resources KH8 Senior School Library KH8 Senior School Library Staff Office 2023-09-27 297.122 KHA TRKHSL003499 2023-09-27 2023-09-27 Teaching Resources
          Teaching Resources KH8 Senior School Library KH8 Senior School Library Staff Office 2023-09-27 297.122 KHA TRKHSL003500 2023-09-27 2023-09-27 Teaching Resources
          Teaching Resources KH8 Senior School Library KH8 Senior School Library Staff Office 2023-09-27 297.122 KHA TRKHSL003501 2023-09-27 2023-09-27 Teaching Resources
          Teaching Resources KH8 Senior School Library KH8 Senior School Library Staff Office 2023-09-27 297.122 KHA TRKHSL003502 2023-09-27 2023-09-27 Teaching Resources
          Teaching Resources KH8 Senior School Library KH8 Senior School Library Staff Office 2023-09-27 297.122 KHA TRKHSL003503 2023-09-27 2023-09-27 Teaching Resources
          Teaching Resources KH8 Senior School Library KH8 Senior School Library Staff Office 2023-09-27 297.122 KHA TRKHSL003504 2023-09-27 2023-09-27 Teaching Resources

Powered By KH8 IT Dept